000 01102nam a2200289Ia 4500
008 130821s1962 sp gr spa
040 _aCo-BoUCM
_bspa
041 0 0 _aspa
100 _aStadtmuller, Georg
_9157266
245 0 0 _aPensamiento jurídico e imperialismo en la historia de Estados Unidos de NorteAmérica
_cGeorg Stadtmuller ; traducción de Francisco de A. Caballero
260 _aMadrid (España)
_bInstituto de Estudios Políticos
_c1962
300 _a130 páginas
490 _aColección CIVITAS
504 _aIncluye bibliografía e índice
611 _aConferencia Interamericana
_94787
650 0 4 _aDoctrina de Monroe
_913503
650 0 4 _aHistoria
_97695
650 0 4 _aImperialismo
_917199
650 0 4 _aPolítica mundial
_922002
650 0 4 _aRelaciones internacionales
_98042
651 _aEstados Unidos
_9448
651 _aEstados Unidos
_bRelaciones internacionales
_9448
651 _aEstados Unidos
_xHistoria
_948005
700 _aInstituto de Estudios Políticos
_9110323
942 _cLIBRO
_a21
_e1
_mS71
_2DEWEY
_h973.54
999 _c25625
_d25625